Fr. Conceicao Rodrigues College of Engineering

Finding Out About Atomic Energy (Record no. 33454)

MARC details
000 -LEADER
fixed length control field 00315nam a2200145Ia 4500
082 ## - DEWEY DECIMAL CLASSIFICATION NUMBER
Classification number 539.7
Item number Mic
100 ## - MAIN ENTRY--PERSONAL NAME
Personal name Michiels/J.L
245 ## - TITLE STATEMENT
Title Finding Out About Atomic Energy
260 ## - PUBLICATION, DISTRIBUTION, ETC.
Name of publisher, distributor, etc. Thrift Books
Place of publication, distribution, etc. London
Date of publication, distribution, etc. 1951
300 ## - PHYSICAL DESCRIPTION
Extent 128
546 ## - LANGUAGE NOTE
Language note ENGLISH
654 ## - SUBJECT ADDED ENTRY--FACETED TOPICAL TERMS
Focus term Atomic Energy
942 ## - ADDED ENTRY ELEMENTS (KOHA)
Koha item type Reference Book
Holdings
Withdrawn status Lost status Damaged status Not for loan Collection Home library Current library Shelving location Date acquired Total Checkouts Full call number Barcode Date last seen Price effective from Koha item type
        AFT Fr. Agnel's C.Rodrigues College of Engineering Fr. Agnel's C.Rodrigues College of Engineering   17/03/2023   539.7 Mic AFT4581 17/03/2023 17/03/2023 Reference Book